000 00247nam a2200097Ia 4500
008 230907s9999||||xx |||||||||||||| ||und||
082 _a621.31,ETG
245 0 _aHole conductor free perovskite-based solar cells.
300 _apages cm
942 _cBK
999 _c597951
_d597951